000 00260 a2200121 4500
001 195026
040 _cMagnum
240 1 0 _aO apanhador de acalantos
_lpor
245 1 0 _aO apanhador de acalantos
300 _a15
697 _aLITERATURA INFANTIL
942 _cBK
999 _c195026
_d195026